• 首页
  • 本馆介绍
  • 公告通知
  • 最新文献
  • 馆藏检索
  • 电子资源
  • 读者导购
  • 参考咨询
  • 我的图书馆
  • 登录
  • 详细信息显示
  • 放入我的书架
  • 预约/预借图书
  • 作者相关作品
  • 分类相关作品
  • 丛书相关作品
  • 出版社相关作品

书目信息

  • 表格格式
  • 工作单格式
  • 卡片格式
题名:
机械振动
    
 
作者: 摩尔 著 ;沈文 , 张景绘 译
分册:  
出版信息: 北京   国防工业出版社  1984.8
页数: 342页
开本: 26cm
丛书名:
单 册:
中图分类: TH113.1
科图分类:
主题词: 机械学:动力学
电子资源:
ISBN:
000 00559nam0 2200205 45
001 0312221749
005 20060425153907.57
010    @dCNY2.95
100    @a20031222d1984 km y0chiy0120 ea
101    @achi@ceng
200 1  @a机械振动@AJi Xie Zhen Dong@e理论及应用@f(美)摩尔著@F(Mei)Mo Er Zhu@g沈文,张景绘译
210    @a北京@c国防工业出版社@d1984.8
215    @a342页@d26cm
606 0  @a机械学:动力学
690    @aTH113.1@v3
701 0  @a摩尔@4著
702 0  @a沈文@4译
702 0  @a张景绘@4译
801    @aCN@bTSTCL@c20060425
905    @a213230@dTH113.1@e21
    
    机械振动:理论及应用/(美)摩尔著/沈文,张景绘译.-北京:国防工业出版社,1984.8
    342页;26cm
    
    
    ISBN :CNY2.95
    
●
相关链接 在E读中查询图书 在五车中查询图书 在当当中查询图书 在豆瓣中查询图书


正题名:机械振动     索取号:TH113.1/21         预约/预借

序号 登录号 条形码 馆藏地/架位号 状态 备注
1 0124153   202273306   密集书库/ [索取号:TH113.1/21] 在馆    
2 0124154   202273351   密集书库/ [索取号:TH113.1/21] 在馆    
3 0124155   001364062   第二样本阅览室/ [索取号:TH113.1/21] 在馆    
唐山师范学院图书馆 欢迎您!
大连网信软件有限公司© 版权所有